Una cuestión de disciplina: pedagogía y poder en los estudios culturales
I tiakina i:
| Ngā kaituhi matua: | , |
|---|---|
| Hōputu: | Pukapuka |
| Reo: | Pāniora |
| I whakaputaina: |
Barcelona
Paidós
1998
|
| Rangatū: | Colección Paidós Educador, 133
|
| Ngā marau: | |
| Ngā Tūtohu: |
Tāpirihia he Tūtohu
Kāore He Tūtohu, Me noho koe te mea tuatahi ki te tūtohu i tēnei pūkete!
|
MARC
| LEADER | 00000nam a2200000 a 4500 | ||
|---|---|---|---|
| 001 | UCP3944 | ||
| 003 | CL-VaPUC | ||
| 008 | 990709e19980000SP |||||||||||||||||spa|d | ||
| 082 | 0 | 4 | |a 306 |b CAN |2 21 |
| 100 | 0 | |a Canaan, Joyce E |e author |9 431339 | |
| 700 | 0 | |a Epstein, Debbie |e author |9 431340 | |
| 245 | 1 | 4 | |a Una cuestión de disciplina: pedagogía y poder en los estudios culturales |
| 300 | |a 270 p | ||
| 942 | |c BK | ||
| 945 | |d 19990709 00:00:00 |a vberengu | ||
| 260 | |a Barcelona |b Paidós |c 1998 | ||
| 650 | 0 | |a Educación superior |9 223851 | |
| 650 | 0 | |a Cultura |9 269059 | |
| 650 | 7 | |a DISCIPLINA |2 CL-VaPUC |9 308401 | |
| 650 | 0 | |a Pedagogía |9 255351 | |
| 583 | |a last modification |c 19990709 00:00:00 |k Rodrigo Vera | ||
| 490 | 0 | |a Colección Paidós Educador, 133 | |
| 999 | |c 282056 |d 282054 | ||
| 952 | |0 0 |1 0 |4 0 |6 306_000000000000000_CAN_1998 |7 0 |8 A |9 323364 |a BIBEDU |b BIBEDU |d 2019-11-20 |i 3531597 |o 306 CAN 1998 |p 3531597 |r 2019-11-20 |w 2019-11-20 |y BK |k EDU | ||